| 000 | 00553nam a22001937a 4500 | ||
|---|---|---|---|
| 003 | 0 | ||
| 005 | 20250909125152.0 | ||
| 008 | 250909b xxu||||| |||| 00| 0 eng d | ||
| 020 | _a979-8-89364-125-7 | ||
| 050 |
_aQH 581.2 _b.N49 2025 |
||
| 100 |
_aNewsom, Philip, _eauthor. |
||
| 245 |
_aFundamentals of cell biology / _cPhilip Newsom. |
||
| 300 |
_avi, 225 pages : _bcolored illustrations ; _c27 cm. |
||
| 504 | _aIncludes bibliographical references and index. | ||
| 650 | _aCytology. | ||
| 650 | _aCells. | ||
| 650 | _aBiology. | ||
| 942 |
_2lcc _cBK |
||
| 999 |
_c367835 _d367835 |
||